| 000 | 00993cad a22002415a 4500 | ||
|---|---|---|---|
| 001 | E153997 | ||
| 008 | 111003s2011 xxk f s000 0 eng d | ||
| 035 | _a(Sirsi) u153997 | ||
| 041 | 0 | _aeng | |
| 050 | 0 | 4 | _a720.4709411 $2 20 |
| 110 | 2 |
_aHistoric Scotland _92914 |
|
| 245 | 0 | 0 |
_aNew design in historic settings _h[electronic resource] |
| 260 |
_aEdinburgh _bHistoric Scotland _c2011 |
||
| 300 |
_a32 p. _bcol. ill. _c30 cm. |
||
| 520 | _aSets out guidance on designing new buildings in historic settings. Uses case studies to illustrate aspects of good design in the historic environment. | ||
| 590 | _aKA | ||
| 651 | 4 |
_aScotland _y1999- |
|
| 690 | _aENVIRONMENTAL AND LAND CONSULTANCY-PLANNING AND DEVELOPMENT | ||
| 710 | 1 |
_aArchitecture and Design Scotland _95714 |
|
| 710 | 1 |
_aScotland _bScottish Government _95344 |
|
| 856 | 4 | 0 |
_uhttps://www.historic-scotland.gov.uk/new-design-in-historic-settings.pdf _zView the guidance free of charge at www.historic-scotland.gov.uk |
| 942 | _n0 | ||
| 999 |
_c112801 _d112801 |
||